[Event "BCF-chT2 2223 (4NCL)"]
[Site "England"]
[Date "2022.10.22"]
[Round "1.64"]
[White "Murphy, Hugh"]
[Black "Bansal, Saahil"]
[Result "0-1"]
[WhiteElo "2138"]
[BlackElo "2058"]
[PlyCount "82"]
[EventDate "2022.10.22"]
[EventType "team-tourn"]
[EventRounds "11"]
[EventCountry "ENG"]
[SourceTitle "EXT 2024"]
[Source "ChessBase"]
[SourceDate "2023.10.10"]
[SourceVersion "1"]
[SourceVersionDate "2023.10.10"]
[SourceQuality "1"]
[WhiteTeam "The Sharks II"]
[BlackTeam "KJCA Kings"]
[WhiteTeamCountry "ENG"]
[BlackTeamCountry "ENG"]

1. d4 Nf6 2. Nf3 e6 3. e3 d5 4. Bd3 Bd6 5. Nbd2 0-0 6. e4 dxe4 7. Nxe4 Nxe4 8. Bxe4 h6 9. Be3 Nd7 10. Qd2 f5 11. Bd3 f4 12. 0-0-0 fxe3 13. fxe3 Qe7 14. Kb1 e5 15. Bc4+ Kh8 16. Qe1 Nb6 17. Bb3 e4 18. Nh4 Rf6 19. c4 Bg4 20. Rc1 c5 21. dxc5 Bxc5 22. Qg3 Bh5 23. Qh3 Qd7 24. Rhe1 Qxh3 25. gxh3 Rf2 26. Rc2 Raf8 27. Ng2 g5 28. h4 Rxc2 29. Bxc2 Bf3 30. Rg1 Bxg2 31. hxg5 Bxe3 32. Rxg2 Rf1+ 33. Bd1 Rxd1+ 34. Kc2 Rc1+ 35. Kb3 hxg5 36. Re2 Nxc4 37. Kb4 Bf4 38. h4 gxh4 39. Rxe4 Bd6+ 40. Kb5 a6+ 41. Ka4 b5+ 0-1

[Event "ENG-ch Schools Final"]
[Site "Staffordshire"]
[Date "2022.07.01"]
[Round "5.3"]
[White "Bansal, Saahil"]
[Black "Ali, Shahvez"]
[Result "1/2-1/2"]
[WhiteElo "1884"]
[BlackElo "1628"]
[PlyCount "59"]
[EventDate "2022.06.30"]
[EventType "swiss"]
[EventRounds "5"]
[EventCountry "ENG"]
[SourceTitle "EXT 2023"]
[Source "ChessBase"]
[SourceDate "2022.10.05"]
[SourceVersion "1"]
[SourceVersionDate "2022.10.05"]
[SourceQuality "1"]

1. d4 d5 2. c4 e6 3. Nc3 Nf6 4. cxd5 exd5 5. Qc2 c6 6. Bg5 h6 7. Bh4 Be6 8. Nf3 Bd6 9. e3 Nbd7 10. Bd3 Qc7 11. Rc1 Rc8 12. a3 a5 13. Na4 c5 14. dxc5 Nxc5 15. Nxc5 Bxc5 16. 0-0 g5 17. Bg3 Qe7 18. b4 axb4 19. axb4 Bb6 20. Qb2 0-0 21. Be5 Ng4 22. Bd4 Bxd4 23. Qxd4 f5 24. h3 Nf6 25. Ne5 Rfe8 26. Bb5 Red8 27. Qb6 Rd6 28. Ng6 Qd8 29. Qxb7 Rxc1 30. Ne7+ 1/2-1/2

[Event "London Classic op 11th"]
[Site "London"]
[Date "2019.12.04"]
[Round "7"]
[White "Bansal, Saahil"]
[Black "Barasi, Paul Dl"]
[Result "0-1"]
[WhiteElo "1751"]
[BlackElo "1770"]
[PlyCount "72"]
[EventDate "2019.11.29"]
[EventType "swiss"]
[EventRounds "9"]
[EventCountry "ENG"]
[SourceTitle "CBM 193 Extra"]
[Source "ChessBase"]
[SourceDate "2020.01.31"]
[SourceVersion "1"]
[SourceVersionDate "2020.01.31"]
[SourceQuality "1"]

1. d4 d5 2. c4 Nc6 3. cxd5 Qxd5 4. e3 e5 5. Nc3 Bb4 6. Bd2 Bxc3 7. bxc3 Nf6 8. f3 e4 9. Be2 0-0 10. fxe4 Qxe4 11. Bf3 Qd3 12. Ne2 Re8 13. Nf4 Qa6 14. Be2 Qa3 15. 0-0 a6 16. Bf3 Na5 17. Re1 Bf5 18. Nd5 Nxd5 19. Bxd5 Bg6 20. h4 c6 21. Bf3 Qe7 22. h5 Be4 23. Bxe4 Qxe4 24. Qa4 b6 25. Rab1 Qd3 26. Red1 Qe2 27. Bc1 b5 28. Qxa5 Qxd1+ 29. Kh2 Qxh5+ 30. Kg1 Qd1+ 31. Kh2 Re6 32. e4 Rxe4 33. c4 Qh5+ 34. Kg3 Qg4+ 35. Kf2 Re2+ 36. Kf1 Qxg2# 0-1

[Event "London Classic op 11th"]
[Site "London"]
[Date "2019.11.30"]
[Round "3"]
[White "Sarpotdar, Amogh"]
[Black "Bansal, Saahil"]
[Result "1-0"]
[WhiteElo "2015"]
[BlackElo "1751"]
[PlyCount "111"]
[EventDate "2019.11.29"]
[EventType "swiss"]
[EventRounds "9"]
[EventCountry "ENG"]
[SourceTitle "CBM 193 Extra"]
[Source "ChessBase"]
[SourceDate "2020.01.31"]
[SourceVersion "1"]
[SourceVersionDate "2020.01.31"]
[SourceQuality "1"]

1. e4 e6 2. d4 d5 3. exd5 exd5 4. Bd3 Bd6 5. Ne2 Ne7 6. Bg5 f6 7. Bh4 Nbc6 8. c3 Bg4 9. Qc2 Qd7 10. Nd2 0-0-0 11. 0-0-0 Rde8 12. Rde1 Kb8 13. Bg3 Bf5 14. Bxd6 cxd6 15. Kb1 Rc8 16. Bxf5 Nxf5 17. Qd3 Rc7 18. Nf4 Nfxd4 19. Nxd5 Ne5 20. Rxe5 dxe5 21. Nxc7 Kxc7 22. cxd4 exd4 23. Qg3+ Kd8 24. Qb8+ Qc8 25. Qxc8+ Kxc8 26. Kc2 Re8 27. Kd3 Kd7 28. Rc1 Kd6 29. Nf3 Re7 30. Rc4 b5 31. Rxd4+ Kc5 32. b4+ Kc6 33. h4 a5 34. a3 Ra7 35. h5 axb4 36. axb4 Ra3+ 37. Ke4 Rb3 38. Kf5 Rb2 39. Nd2 Ra2 40. Ke6 Ra6 41. Rd6+ Kb7 42. Rxa6 Kxa6 43. Ne4 f5 44. Kxf5 g6+ 45. hxg6 hxg6+ 46. Kxg6 Ka7 47. Kf5 Kb6 48. Ke5 Ka7 49. f4 Kb6 50. f5 Ka6 51. f6 Ka7 52. f7 Kb6 53. f8Q Kc7 54. Nc5 Kb6 55. Qb8+ Kc6 56. Qd6# 1-0

[Event "EU-ch U14"]
[Site "Bratislava"]
[Date "2019.08.02"]
[Round "1"]
[White "Bansal, Saahil"]
[Black "Martinez Soriano, Javier"]
[Result "1/2-1/2"]
[WhiteElo "1531"]
[BlackElo "1992"]
[PlyCount "62"]
[EventDate "2019.08.02"]
[EventType "swiss"]
[EventRounds "9"]
[EventCountry "SVK"]
[SourceTitle "EXT 2020"]
[Source "ChessBase"]
[SourceDate "2019.10.17"]
[SourceVersion "1"]
[SourceVersionDate "2019.10.17"]
[SourceQuality "1"]

1. d4 e6 2. c4 b6 3. Nf3 Bb7 4. g3 f5 5. Bg2 Nf6 6. 0-0 Be7 7. Nc3 Ne4 8. Qc2 Nxc3 9. Qxc3 Bf6 10. Qd2 0-0 11. b3 d6 12. Bb2 Qe7 13. Rad1 Nd7 14. Ne1 Bxg2 15. Nxg2 Rad8 16. Rfe1 Qf7 17. Qc2 f4 18. Nxf4 Bg5 19. e3 Nf6 20. d5 Bxf4 21. dxe6 Qxe6 22. exf4 Qg4 23. Bxf6 Rxf6 24. Rd4 Rdf8 25. Qd1 Qh3 26. Rde4 Rh6 27. Qd5+ Kh8 28. Re8 Qxh2+ 29. Kf1 Qh3+ 30. Kg1 Qh2+ 31. Kf1 Qh3+ 1/2-1/2

[Event "BCF-ch U14"]
[Site "Hull"]
[Date "2018.07.29"]
[Round "1"]
[White "Gogia, Armaan"]
[Black "Bansal, Saahil"]
[Result "1/2-1/2"]
[WhiteElo "1696"]
[BlackElo "1454"]
[PlyCount "76"]
[EventDate "2018.07.29"]
[EventType "swiss"]
[EventRounds "7"]
[EventCountry "ENG"]
[SourceTitle "CBM 186 Extra"]
[Source "ChessBase"]
[SourceDate "2018.08.24"]
[SourceVersion "1"]
[SourceVersionDate "2018.08.24"]
[SourceQuality "1"]

1. e4 e6 2. Nc3 d5 3. Nf3 Nf6 4. e5 Nfd7 5. d4 c5 6. dxc5 Nc6 7. Bf4 Nxc5 8. Nd4 Bd7 9. Be2 Be7 10. 0-0 0-0 11. Bg3 Qb6 12. Nb3 Rac8 13. Kh1 a6 14. f4 Nxb3 15. axb3 g6 16. Rf3 Nd4 17. Bf2 Bc5 18. Rh3 Nf5 19. Bxc5 Qxc5 20. Bd3 Ng7 21. Qd2 h5 22. Ne2 Bb5 23. b4 Qb6 24. Bxb5 Qxb5 25. Nd4 Qb6 26. c3 Rfd8 27. Rd3 Rc7 28. Nb3 Rdc8 29. Ra5 Nf5 30. g3 Qc6 31. Nd4 Nxd4 32. Rxd4 Qb6 33. f5 exf5 34. Rdxd5 Qc6 35. Kg1 Qb6+ 36. Kf1 Re7 37. Qg5 Qe6 38. Qh6 Rce8 1/2-1/2